| 000 | 00423nam a2200157 a 4500 | ||
|---|---|---|---|
| 020 | _a0907255051 (pbk.) | ||
| 040 | _cDLC | ||
| 082 | 0 | 0 | _a363 HOU 1980 C158 Or. |
| 245 | 0 | 0 | _aManagement and supervisory skills. |
| 260 |
_a[London : _bHousing Research Group, City University, _cc1980] |
||
| 300 |
_a50 p. ; _c21 cm. |
||
| 500 | _aCover title. | ||
| 650 | 0 | _aHousing management | |
| 650 | 0 | _aPublic housing | |
| 942 | _cAEDBB | ||
| 999 |
_c19026 _d19026 |
||